000 00860cam a22002777a 4500
003 CHAP
005 20220817043154.0
008 971013s1976 r 00010 d
010 _a67472
011 _a68444
035 _a77916
040 _cCHAP
082 _a633.61
_bE8
110 _aEscuela Superior de Agricultura Hermanos Escobar. Ciudad Juárez, Chih.
_937617
245 0 _aCurso
_b: Agro-industria azucarera
260 _aCórdoba, Ver. :
_bESAHE,
_c1976
300 _a245 p.
_b: ilus.
590 _aBATCH-UPD
_b10
_c20130110
_lUCH01
_h1926
590 _aBATCH-UPD
_b10
_c20130410
_lUCH01
_h1250
590 _aBATCH-UPD
_b10
_c20130914
_lUCH01
_h0836
590 _aCONVERSION
_b10
_c20130109
_lUCH01
_h1337
650 1 4 _aCaña de azúcar.
901 _aBK
942 _cLIBRO
949 _a633.61 E8
_bBC
_cLIBRO
_d33724000656849
_eLIBRO
_h73476
_i77916
_mD
_si
999 _c67472
_d67472